00772nam a22002297a 45000010005000000030006000050050017000110080041000280200015000690400029000840500014001130820010001271000026001372450064001632600045002273000045002725050007003175200133003245210027004575210018004846500040005029530FISKH20260119135036.0260119b cb ||||| |||| 00| 0 eng d a0689314345 aFISKHbengcFISKHdFISKH aPZ8.3.M85 a398.8 aEdens, CoopereAuthor aThe glorious mother goose :bSelections /cBy Cooper Edens  aNew York :bMacmillan Publishing ,c1988 a88 pages :bcolor illustrations ;c26 cm aG  aA collection of nursery rhymes, including those about Humpty Dumpty, Jack and Jill, Little Jack Horner, and Little Miss Muffet. 8 a300 bLexile estimate 8 aG bRaz-Plus  aNursery rhymes vChildren's poetry